| 000 | 00393pab a2200157 454500 | ||
|---|---|---|---|
| 008 | 180718b1999 xxu||||| |||| 00| 0 eng d | ||
| 100 | _aSrinivasan, G. | ||
| 245 | _aReview of credit and monetary policy: a dexterous exercise | ||
| 260 | _c1999 | ||
| 300 | _ap.4-5 | ||
| 362 | _aJun | ||
| 650 | _aMonetary policy - India | ||
| 650 | _aMonetary policy | ||
| 773 | _aYojana | ||
| 909 | _a41034 | ||
| 999 |
_c41034 _d41034 |
||